Electrons and holes in semiconductors : (Record no. 13538)
[ view plain ]
| 000 -LEADER | |
|---|---|
| fixed length control field | 00838cam a22002531 4500 |
| 001 - CONTROL NUMBER | |
| control field | 13538 |
| 003 - CONTROL NUMBER IDENTIFIER | |
| rucl marc code | BD-RjUL |
| 005 - DATE AND TIME OF LATEST TRANSACTION | |
| control field | 20211208235453.0 |
| 008 - FIXED-LENGTH DATA ELEMENTS--GENERAL INFORMATION | |
| fixed length control field | 140201r19591950nyua b 001 0 eng d |
| 035 ## - SYSTEM CONTROL NUMBER | |
| System control number | (BD-RjUL)13590 |
| System control number | (OCoLC)541121 |
| 040 ## - CATALOGING SOURCE | |
| Original cataloging agency | DLC |
| Transcribing agency | ODaWU |
| Modifying agency | OCoLC |
| -- | Uk |
| -- | DLC |
| -- | BD-RjUL |
| Language of cataloging | eng |
| 041 ## - LANGUAGE CODE | |
| Language code of text/sound track or separate title | eng |
| 082 00 - DEWEY DECIMAL CLASSIFICATION NUMBER | |
| Classification number | 537.53 |
| Author mark and year | SHE 1959 |
| 100 1# - MAIN ENTRY--PERSONAL NAME | |
| Personal name | Shockley, William, |
| Dates associated with a name | 1910-1989. |
| 9 (RLIN) | 42283 |
| 245 10 - TITLE STATEMENT | |
| Title | Electrons and holes in semiconductors : |
| Remainder of title | with applications to transistor electronics. / |
| Statement of responsibility, etc. | William, Shockley |
| 260 ## - PUBLICATION, DISTRIBUTION, ETC. (IMPRINT) | |
| Place of publication, distribution, etc. | New York : |
| Name of publisher, distributor, etc. | Van Nostrand , |
| Date of publication, distribution, etc. | 1950 [Reprent 1959] |
| 300 ## - PHYSICAL DESCRIPTION | |
| Pagination | xxiii, 558 p. : |
| Illustrations | ill. ; |
| Size | 24 cm. |
| 504 ## - BIBLIOGRAPHY, ETC. NOTE | |
| Bibliography, etc | Includes bibliographies and Index |
| 650 #0 - SUBJECT ADDED ENTRY--TOPICAL TERM | |
| Topical term or geographic name as entry element | Transistors. |
| 9 (RLIN) | 42285 |
| 942 ## - ADDED ENTRY ELEMENTS (KOHA) | |
| Source of classification or shelving scheme | Dewey Decimal Classification |
| Koha item type | Books |
| Lost status | Source of classification or shelving scheme | Damaged status | Not for loan | Collection code | Permanent Location | Current Location | Shelving location | Date acquired | Source of acquisition | Cost, normal purchase price | Total Checkouts | Full call number | Date last seen | Copy number | Koha item type |
|---|---|---|---|---|---|---|---|---|---|---|---|---|---|---|---|
| Dewey Decimal Classification | Non-fiction | Central Library, University of Rajshahi | Central Library, University of Rajshahi | 27/06/1963 | Zeithlinger. | 0.00 | 537.53 SHE 1959 | 01/02/2014 | C-4 | Books | |||||
| Dewey Decimal Classification | Not For Loan | Non-fiction | Central Library, University of Rajshahi | Central Library, University of Rajshahi | Reading Room | 25/10/1962 | Zeetlinger | 76.00 | 537.53 SHE 1959 | 30/05/2017 | C-1 | Books | |||
| Dewey Decimal Classification | Non-fiction | Central Library, University of Rajshahi | Central Library, University of Rajshahi | 25/10/1962 | Zeetlinger | 76.00 | 537.53 SHE 1959 | 30/05/2017 | C-2 | Books | |||||
| Dewey Decimal Classification | Non-fiction | Central Library, University of Rajshahi | Central Library, University of Rajshahi | 27/06/1963 | Zeetlinger | 76.00 | 537.53 SHE 1959 | 30/05/2017 | C-3 | Books |